000 00664nam a2200181Ia 4500
008 090123s9999 xx 000 0 und d
082 _b576
_a891.463/कुलक
100 _aकुलकर्णी गो.द.
245 _aतुम्ही पराक्रमाचे पुत्र
250 _a1
260 _bव्होरा ना.गो.
300 _a162
600 _aकुलकर्णी गो.द.
630 _aतुम्ही पराक्रमाचे पुत्र
700 _aकुलकर्णी गो.द.
730 _aतुम्ही पराक्रमाचे पुत्र
942 _cBOOK
999 _c38663
_d38663